| 000 | 00350nam a22001577a 4500 | ||
|---|---|---|---|
| 003 | SGT | ||
| 020 | _a978-0-7020-4460-1 | ||
| 082 |
_a616 _bD13S |
||
| 100 | _aSTRACHAN,MARK.W.J.,ED. | ||
| 245 | _aDAVIDSON'S 100 CLINICAL CASES | ||
| 250 | _a2ND | ||
| 260 |
_aNEW YORK _bELSEVIER _c2013 |
||
| 300 | _a374 | ||
| 650 | _aAYURVEDA | ||
| 942 |
_2ddc _cBK _037 |
||
| 999 |
_c14964 _d14964 |
||